000 01793nas a2200277Ia 4500
001 R050-S0801
003 IT-CnALBA
008 170116c99999999xx |||||||||||| ||und||
040 _aIT-CnALBA
_cIT-CnALBA
041 _aITALIANO
100 _aSPADOLINI GIOVANNI
210 _aLA NUOVA ANTOLOGIA
222 _aLA NUOVA ANTOLOGIA
245 0 _aLA NUOVA ANTOLOGIA. MAGGIO AGOSTO 1966. VOL. II. RIVISTA DI SCIENZE LETTERE ARTI.
_b RIVISTA DI SCIENZE LETTERE ARTI
250 _a1a ed.
260 _a ROMA
_bLA NUOVA ANTOLOGIA, SOC. PER AZ.
_c1966 [1° Ed.:1966 - Ed.Ling.Originale: 1966]
300 _a576 p.
310 _aMENSILE
362 _aFascicolo: 1985-1988 / Anno: 101 (1966)
500 _aEUROPA E LIBERTÀ. UNAMUNO. CULTORE DI DANTE. FONTANESI V. BOCELLI A. TECCHI B. FERRARI A. REGGIO E. FIORI T. FELLINI BONI P. MARINELLI C. GIUGNO 1940. POPOLI TRA LA VITA E LA MORTE. ITINERARIO DI IGNAZIO SILONE. CRONACHE DI UN TRAMONTO, ROMANZO. L'INSTABILITA' IN AFRICA. FOSCOLO, SCRITTORE EUROPEO. IL FANCIULLO CARTESIANO, GINO SEVERINI, RABELAIS A ROMA. RASSEGNA LETTERE. ARTE. CULTURA VARIA. LA NUOVA ANTOLOGIA DI CENTO ANNI FA.
501 _aSocietà San Paolo EM - Piazza San Paolo, 14 - 12051 ALBA (CN) (non commercial uses only) ® Copyright 2017
520 _aEUROPA E LIBERTÀ. UNAMUNO. CULTORE DI DANTE. FONTANESI V. BOCELLI A. TECCHI B. FERRARI A. REGGIO E. FIORI T. FELLINI BONI P. MARINELLI C. GIUGNO 1940. POPOLI TRA LA VITA E LA MORTE. ITINERARIO DI IGNAZIO SILONE. CRONACHE DI UN TRAMONTO, ROMANZO. L'INSTABILITA' IN AFRICA. FOSCOLO, SCRITTORE EUROPEO. IL FANCIULLO CARTESIANO, GINO SEVERINI, RABELAIS A ROMA. RASSEGNA LETTERE. ARTE. CULTURA VARIA. LA NUOVA ANTOLOGIA DI CENTO ANNI FA.
650 _aLETTERATURA - SCIENZA - ARTE
942 _cCR
957 _71
999 _a62367
_bNO
_g1
_c329393
_d329393